The Emperor Jones : (Record no. 9667)

MARC details
000 -LEADER
fixed length control field 01110nac a22002891u 4500
003 - CONTROL NUMBER IDENTIFIER
control field EG-ScBUE
005 - DATE AND TIME OF LATEST TRANSACTION
control field 20201101094226.0
008 - FIXED-LENGTH DATA ELEMENTS--GENERAL INFORMATION
fixed length control field 200219s2006 ii f 000 d eng d
020 ## - INTERNATIONAL STANDARD BOOK NUMBER
International Standard Book Number 8175812095
040 ## - CATALOGING SOURCE
Original cataloging agency EG-ScBUE
Language of cataloging eng
Description conventions rda
Transcribing agency EG-ScBUE
Modifying agency EG-ScBUE
082 04 - DEWEY DECIMAL CLASSIFICATION NUMBER
Classification number 812.52
Item number TIL
Edition number 22
100 1# - MAIN ENTRY--PERSONAL NAME
Personal name Tilak, Raghukul,
Relator term author.
245 14 - TITLE STATEMENT
Title The Emperor Jones :
Remainder of title edited with a critical introduction, summary, text with paraphrase and select textual problems /
Statement of responsibility, etc Raghukul Tilak, M. A, Ph.D., formerly head, Department of English, Meerut College, Meerut.
250 ## - EDITION STATEMENT
Edition statement Tenth edition.
264 #1 - PUBLICATION, DISTRIBUTION, ETC. (IMPRINT)
Place of publication, distribution, etc New Delhi :
Name of publisher, distributor, etc Rama Brothers India Pvt. Ltd.,
Date of publication, distribution, etc 2006.
300 ## - PHYSICAL DESCRIPTION
Extent x, 180 pages ;
Dimensions 21 cm
336 ## - CONTENT TYPE
Source rdacontent
Content type term text
Content type code txt
337 ## - MEDIA TYPE
Source rdamedia
Media type term unmediated
Media type code n
338 ## - CARRIER TYPE
Source rdacarrier
Carrier type term volume
Carrier type code nc
500 ## - GENERAL NOTE
General note distributer: Al-Ahram
600 17 - SUBJECT ADDED ENTRY--PERSONAL NAME
Personal name Eugene O’Neill
Dates associated with a name 1888-1953.
Source of heading or term BUEsh
650 #7 - SUBJECT ADDED ENTRY--TOPICAL TERM
Topical term or geographic name as entry element Americans
Form subdivision Drama.
Geographic subdivision Caribbean Area
Source of heading or term BUEsh
650 #7 - SUBJECT ADDED ENTRY--TOPICAL TERM
Topical term or geographic name as entry element African Americans
Form subdivision Drama.
Source of heading or term BUEsh
653 ## - INDEX TERM--UNCONTROLLED
Resource For college Humanities: English
Arrived date list October2020
655 ## - INDEX TERM--GENRE/FORM
Form subdivision Reading book
9 (RLIN) 34232
942 ## - ADDED ENTRY ELEMENTS (KOHA)
Koha item type Book - Borrowing
Call number prefix 812.52TIL
Source of classification or shelving scheme Dewey Decimal Classification
Holdings
Withdrawn status Lost status Damaged status Not for loan Home library Current library Shelving location Date acquired Source of acquisition Total Checkouts Full call number Barcode Date last seen Date checked out Price effective from Koha item type
        Central Library Central Library Second Floor 18/06/2008 Purchase 1 812.52TIL 000011639 15/07/2025 20/02/2023 27/05/2008 Book - Borrowing